000 00616nam a2200193Ii 4500
003 JO-AjNU
008 230605s9999||||xx |||||||||||||| ||und||
040 _aJO-AjNU
_bara
_erda
_cJO-AjNU
041 _aara
050 1 4 _aDD247.H5.A845.1971
100 3 _aالعقاد، عباس محمود,
_eauthor
_916450
245 0 0 _aهتلر في التاريخ
264 3 1 _a بيروت - صيدا: منشورات المكتبة العصرية، 1971
300 _a176ص
336 _atext
_btxt
_2rdacontent
337 _aunmediated
_bn
_2rdamedia
338 _avolume
_bnc
_2rdacarrier
650 4 _aهتلر 1889-1945
_916451
999 _aA4875
_c8443
_d8443